Loading...
History - European History | 0 | 7 | 0 | 3 | 70 | 101 | 122.57 | 1 | 7 |
Beliefs | 0 | 5 | 1 | 3 | 45 | 108 | 132.80 | 2 | 5 |
Literature - American Literature | 1 | 3 | 0 | 3 | 45 | 46 | 118.75 | 2 | 4 |
0 | 5 | 2 | 1 | 40 | 91 | 123.60 | 3 | 5 | |
History - World History | 0 | 4 | 2 | 1 | 30 | 101 | 119.00 | 3 | 4 |
Literature - European Literature | 0 | 3 | 0 | 1 | 30 | 107 | 127.33 | 0 | 3 |
Social Science | 1 | 1 | 0 | 0 | 25 | 58 | 92.50 | 1 | 2 |
Fine Arts - Visual Fine Arts | 0 | 2 | 0 | 0 | 20 | 83 | 103.00 | 1 | 2 |
Geography | 0 | 2 | 0 | 0 | 20 | 71 | 82.50 | 2 | 2 |
Other Arts: Auditory | 0 | 2 | 0 | 1 | 20 | 139 | 140.50 | 1 | 2 |
History - American History | 1 | 1 | 1 | 1 | 20 | 42 | 80.00 | 1 | 2 |
Literature - British Literature | 0 | 2 | 1 | 2 | 15 | 127 | 130.50 | 0 | 2 |
Philosophy | 0 | 1 | 0 | 1 | 10 | 126 | 126.00 | 1 | 1 |
Fine Arts - Auditory Fine Arts | 0 | 1 | 0 | 0 | 10 | 119 | 119.00 | 0 | 1 |
Current Events | 0 | 0 | 0 | 0 | 0 | 0.00 | 0 | 0 | |
Religion | 0 | 0 | 1 | 0 | -5 | 0.00 | 0 | 0 | |
Other Arts: Visual | 0 | 0 | 1 | 0 | -5 | 0.00 | 0 | 0 | |
Other Academic | 0 | 0 | 1 | 0 | -5 | 0.00 | 0 | 0 |